000 01505nam a2200385 a 4500
001 ebr10271873
003 CaPaEBR
006 m u
007 cr cn|||||||||
008 051123s2006 ilu sb 001 0 eng
010 _z 2005034148
020 _z0226394751 (cloth : alk. paper)
040 _aCaPaEBR
_cCaPaEBR
035 _a(OCoLC)646790971
050 1 4 _aHM1111
_b.J37 2006eb
082 0 4 _a303.3/42
_222
100 1 _aJasper, James M.,
_d1957-
245 1 0 _aGetting your way
_h[electronic resource] :
_bstrategic dilemmas in the real world /
_cJames M. Jasper.
246 3 0 _aStrategic dilemmas in the real world
260 _aChicago :
_bUniversity of Chicago Press,
_cc2006.
300 _axv, 234 p.
504 _aIncludes bibliographical references and index.
505 0 _aStarting points -- Threats -- Goals -- Capacities -- Players as audiences -- Arenas.
533 _aElectronic reproduction.
_bPalo Alto, Calif. :
_cebrary,
_d2013.
_nAvailable via World Wide Web.
_nAccess may be limited to ebrary affiliated libraries.
650 0 _aSocial interaction.
650 0 _aStrategy (Philosophy)
650 0 _aMotivation (Psychology)
650 0 _aProblem solving.
650 0 _aPersuasion (Psychology)
650 0 _aChoice (Psychology)
650 0 _aLife skills.
655 7 _aElectronic books.
_2local
710 2 _aebrary, Inc.
856 4 0 _uhttp://site.ebrary.com/lib/rucke/Doc?id=10271873
_zAn electronic book accessible through the World Wide Web; click to view
999 _c8047
_d8047